Chandan van sanwaren/ (Record no. 60612)

000 -LEADER
fixed length control field 00414nam a22001457a 4500
082 ## - DEWEY DECIMAL CLASSIFICATION NUMBER
Classification number H1
Item number BRA/C
100 ## - MAIN ENTRY--AUTHOR NAME
Personal name Braj Bhusahan Singh 'Gautam' - Anurag
245 ## - TITLE STATEMENT
Title Chandan van sanwaren/
Statement of responsibility, etc by Braj Bhusahan Singh 'Gautam' - Anurag
260 ## - PUBLICATION, DISTRIBUTION, ETC. (IMPRINT)
Place of publication Muradabad:
Name of publisher Parth Prakasan Dwara Expressions,
Year of publication 2015.
300 ## - PHYSICAL DESCRIPTION
Number of Pages 112p.
650 ## - SUBJECT ADDED ENTRY--TOPICAL TERM
Topical Term Poetry Hindi
650 ## - SUBJECT ADDED ENTRY--TOPICAL TERM
Topical Term Literature Hindi
650 ## - SUBJECT ADDED ENTRY--TOPICAL TERM
Topical Term Literature
942 ## - ADDED ENTRY ELEMENTS (KOHA)
Koha item type Book
Holdings
Withdrawn status Lost status Damaged status Not for loan Permanent Location Current Location Shelving location Date acquired Cost, normal purchase price Full call number Accession Number Price effective from Koha item type
        Sree Sankaracharya University of Sanskrit Sree Sankaracharya University of Sanskrit Stacks 10.06.2016 200.00 H1 BRA/C 082310 10.06.2016 Book